000 00880nam a22002417a 4500
005 2009050802492.0
008 090508t xxu||||| |||| 00| 0 eng d
010 _aENG-93484
020 _a9788183822107
_c125.00
035 _aEN-77017
037 _bDBAD / PUB
040 _adpl
_bEnglish
082 _a658.4022
100 _aBanerjee, A.K.
245 _aArt of team building /
_cby A.K. Banerjee
260 _aNew Delhi
_bLotus Press
_c2009
270 _a4263/3, Ansari Road, Darya Ganj,
_bNew Delhi
_e110002
300 _av, 162p.
_c22cm (pbk)
490 _aBooks on management
500 _aIncludes bibliographical references
942 _2ddc
_cEN
_mBAN
_h658.4022
999 _c26184
_d26184